| 000 | 00721nam a22002297a 4500 | ||
|---|---|---|---|
| 003 | OSt | ||
| 005 | 20260512141100.0 | ||
| 008 | 260512b |||||||| |||| 00| 0 eng d | ||
| 020 | _a9786214093052 Pbk. Np. | ||
| 040 |
_aMMSU _cULS |
||
| 050 | _aGE 105 B84 2025 F | ||
| 100 | _aBueno, David Cababaro | ||
| 245 |
_aEnvironmental science / _cDavid Cababaro Bueno. |
||
| 250 | _aSecond edition. | ||
| 260 |
_aMandaluyong City : _bBooks, Atbp. Publishing Corporation, _c2025. |
||
| 300 |
_ax, 224 pages : _billustrations ; _c26 cm. |
||
| 504 | _aIncludes bibliographical references. | ||
| 650 | _aEnvironmental sciences. | ||
| 650 | _aHuman ecology. | ||
| 650 |
_aEnvironmental protection. _9547 |
||
| 942 |
_2lcc _cBK |
||
| 999 |
_c29153 _d29153 |
||